The Nicomachean ethics / (Record no. 17704)
[ view plain ]
| 000 -LEADER | |
|---|---|
| fixed length control field | 00890aam a2200265 a 4500 |
| 001 - CONTROL NUMBER | |
| control field | 015102982 |
| 003 - CONTROL NUMBER IDENTIFIER | |
| control field | OSt |
| 005 - DATE AND TIME OF LATEST TRANSACTION | |
| control field | 20201128021001.0 |
| 008 - FIXED-LENGTH DATA ELEMENTS--GENERAL INFORMATION | |
| fixed length control field | 090206s2009 enk b 001 0 eng |
| 020 ## - INTERNATIONAL STANDARD BOOK NUMBER | |
| International Standard Book Number | 9780199213610 (pbk.) : |
| 020 ## - INTERNATIONAL STANDARD BOOK NUMBER | |
| International Standard Book Number | 0199213615 (pbk.) : |
| 041 1# - LANGUAGE CODE | |
| Language code of text/sound track or separate title | eng |
| Language code of original and/or intermediate translations of text | grc |
| 082 00 - DEWEY DECIMAL CLASSIFICATION NUMBER | |
| Classification number | 171.3 |
| Edition number | 22 |
| Item number | ARI |
| 100 0# - MAIN ENTRY--PERSONAL NAME | |
| 9 (RLIN) | 1117 |
| Personal name | Aristotle |
| 240 10 - UNIFORM TITLE | |
| Uniform title | <a href="Nicomachean ethics.">Nicomachean ethics.</a> |
| Language of a work | English |
| 245 14 - TITLE STATEMENT | |
| Title | The Nicomachean ethics / |
| Statement of responsibility, etc | Aristotle ; translated by David Ross ; revised with an introduction and notes by Lesley Brown. |
| 260 ## - PUBLICATION, DISTRIBUTION, ETC. (IMPRINT) | |
| Place of publication, distribution, etc | Oxford : |
| Name of publisher, distributor, etc | Oxford University Press, |
| Date of publication, distribution, etc | 2009. |
| 300 ## - PHYSICAL DESCRIPTION | |
| Extent | xliii, 277 p. ; |
| Dimensions | 20 cm. |
| 504 ## - BIBLIOGRAPHY, ETC. NOTE | |
| Bibliography, etc | Includes bibliographical references and index. |
| 650 #0 - SUBJECT ADDED ENTRY--TOPICAL TERM | |
| Topical term or geographic name as entry element | Ethics. |
| 9 (RLIN) | 34283 |
| 653 ## - INDEX TERM--UNCONTROLLED | |
| Resource For college | |
| Arrived date list | October2013 |
| 700 1# - ADDED ENTRY--PERSONAL NAME | |
| Personal name | Ross, W. D. |
| Fuller form of name | (William David), |
| Dates associated with a name | 1877-1971. |
| 9 (RLIN) | 34284 |
| 700 1# - ADDED ENTRY--PERSONAL NAME | |
| Personal name | Brown, Lesley, |
| Dates associated with a name | 1944- |
| 9 (RLIN) | 34285 |
| 942 ## - ADDED ENTRY ELEMENTS (KOHA) | |
| Source of classification or shelving scheme | Dewey Decimal Classification |
| Item type | Book - Borrowing |
| Call number prefix | 171.3 ARI |
| Withdrawn status | Item status | Source of classification or shelving scheme | Damaged status | Not for loan | Vendor | Home library | Current library | Shelving location | Date acquired | Source of acquisition | Total Checkouts | Total Renewals | Full call number | Barcode | Date last seen | Date last borrowed | Koha item type |
|---|---|---|---|---|---|---|---|---|---|---|---|---|---|---|---|---|---|
| Dewey Decimal Classification | Baccah | Central Library | Central Library | Lower Floor | 29/10/2013 | 3 | 22 | 171.3 ARI | 000029430 | 15/07/2025 | 09/03/2017 | Book - Borrowing | |||||
| Dewey Decimal Classification | Baccah | Central Library | Central Library | Lower Floor | 29/10/2013 | 1 | 12 | 171.3 ARI | 000029431 | 15/07/2025 | 01/10/2015 | Book - Borrowing |